Cálculo de estructuras de cimentación

Đã lưu trong:
Chi tiết về thư mục
Tác giả chính: Calavera Ruiz, José (Tác giả)
Định dạng: Sách
Ngôn ngữ:Tiếng Tây Ban Nha
Được phát hành: Madrid INTEMAC 1991
Phiên bản:3a. ed
Những chủ đề:
Các nhãn: Thêm thẻ
Không có thẻ, Là người đầu tiên thẻ bản ghi này!

MARC

LEADER 00000nam a2200000 a 4500
001 UCX8094
003 CL-VaPUC
008 940124e19910000SP |||||||||||||||||spa|d
082 0 4 |a 624.15  |b CAL  |2 21 
100 |a Calavera Ruiz, José  |e author  |9 363920 
245 1 0 |a Cálculo de estructuras de cimentación 
250 |a 3a. ed 
300 |a 418 p 
942 |c BK 
945 |d 19940124 00:00:00  |a mfernand 
260 |a Madrid  |b INTEMAC  |c 1991 
650 7 |a CIMIENTOS  |2 CL-VaPUC  |9 260635 
650 0 |a Diseño y construcción  |9 260862 
583 |a last modification  |c 20180402 12:40:13  |k Rodrigo Vera 
999 |c 227714  |d 227712 
952 |0 0  |1 0  |4 0  |6 624_150000000000000_CAL_1991  |7 0  |8 A  |9 226899  |a BIBING  |b BIBING  |d 2019-11-15  |i 2960826  |o 624.15 CAL 1991  |p 2960826  |r 2025-01-20  |w 2019-11-15  |y BK  |k CCL 
952 |0 0  |1 0  |4 0  |6 624_150000000000000_CAL_1991  |7 0  |8 A  |9 226900  |a BIBING  |b BIBING  |d 2019-11-15  |i 3350002  |l 1  |o 624.15 CAL 1991  |p 3350002  |r 2025-01-20  |s 2023-09-01  |w 2019-11-15  |y BK  |k CCL 
952 |0 0  |1 0  |4 0  |6 624_150000000000000_CAL_1991  |7 0  |8 A  |9 226901  |a BIBING  |b BIBING  |d 2019-11-15  |i 3486931  |o 624.15 CAL 1991  |p 3486931  |r 2025-01-20  |w 2019-11-15  |y BK  |k CCL